Living with art / (Record no. 29093)

MARC details
000 -LEADER
fixed length control field 01824cam a22003738i 4500
001 - CONTROL NUMBER
control field 20701737
003 - CONTROL NUMBER IDENTIFIER
control field EG-ScBUE
005 - DATE AND TIME OF LATEST TRANSACTION
control field 20210419113711.0
008 - FIXED-LENGTH DATA ELEMENTS--GENERAL INFORMATION
fixed length control field 180923t2020 nyuo f bd 001 0 eng d
020 ## - INTERNATIONAL STANDARD BOOK NUMBER
International Standard Book Number 9781260566239
020 ## - INTERNATIONAL STANDARD BOOK NUMBER
International Standard Book Number 1260566234
040 ## - CATALOGING SOURCE
Original cataloging agency LBSOR/DLC
Language of cataloging eng
Description conventions rda
Transcribing agency LBSOR
Modifying agency EG-ScBUE
082 04 - DEWEY DECIMAL CLASSIFICATION NUMBER
Classification number 701.18
Item number GET
Edition number 22
100 1# - MAIN ENTRY--PERSONAL NAME
Personal name Getlein, Mark,
Relator term author.
245 10 - TITLE STATEMENT
Title Living with art /
Statement of responsibility, etc Mark Getlein.
250 ## - EDITION STATEMENT
Edition statement Twelfth edition.
250 ## - EDITION STATEMENT
Edition statement International student edition.
264 #1 - PUBLICATION, DISTRIBUTION, ETC. (IMPRINT)
Place of publication, distribution, etc New York, NY :
Name of publisher, distributor, etc McGraw-Hill Education,
Date of publication, distribution, etc [2020]
264 #4 - PUBLICATION, DISTRIBUTION, ETC. (IMPRINT)
Date of publication, distribution, etc c2020
300 ## - PHYSICAL DESCRIPTION
Extent xviii, 574 pages :
Other physical details photographs ;
Dimensions 28 cm
336 ## - CONTENT TYPE
Content type term text
Source rdacontent
Content type code txt
337 ## - MEDIA TYPE
Media type term unmediated
Source rdamedia
Media type code n
338 ## - CARRIER TYPE
Carrier type term volume
Source rdacarrier
Carrier type code nc
500 ## - GENERAL NOTE
General note Includes glossary.
504 ## - BIBLIOGRAPHY, ETC. NOTE
Bibliography, etc Includes bibliographical references and index.
505 0# - FORMATTED CONTENTS NOTE
Formatted contents note Living with art -- What is art? -- Themes of art -- The visual elements -- Principles of design -- Drawing -- Painting -- Prints -- Camera and computer arts -- Graphic design -- Sculpture and installation -- Arts of ritual and daily life -- Architecture -- Ancient Mediterranean worlds -- Christianity and the formation of Europe -- The Renaissance -- The 17th and 18th centuries -- Arts of Islam and of Africa -- Arts of Asia : India, China, and Japan -- Arts of the Pacific and of the Americas -- The modern world : 1800-1945 -- From modern to postmodern -- Contemporary art around the world.
520 ## - SUMMARY, ETC.
Summary, etc "An introduction to how and why art is made, and a history of art worldwide from prehistory to the present day"--
Assigning source Provided by publisher.
650 #7 - SUBJECT ADDED ENTRY--TOPICAL TERM
Topical term or geographic name as entry element Art appreciation.
Source of heading or term BUEsh
653 ## - INDEX TERM--UNCONTROLLED
Resource For college Generalities
Arrived date list April2021
655 ## - INDEX TERM--GENRE/FORM
Form subdivision Reading book
9 (RLIN) 34232
906 ## - LOCAL DATA ELEMENT F, LDF (RLIN)
a 7
b cbc
c orignew
d 1
e ecip
f 20
g y-gencatlg
942 ## - ADDED ENTRY ELEMENTS (KOHA)
Source of classification or shelving scheme Dewey Decimal Classification
Koha item type Book - Borrowing
Holdings
Withdrawn status Lost status Source of classification or shelving scheme Damaged status Not for loan Collection code Home library Current library Shelving location Date acquired Source of acquisition Cost, normal purchase price Total Checkouts Total Renewals Full call number Barcode Checked out Date last seen Date checked out Cost, replacement price Price effective from Koha item type
    Dewey Decimal Classification     Baccah Central Library Central Library Second Floor 19/04/2021 Purchase 620.00 1 1 701.18 GET 000050204 18/09/2022 04/04/2022 04/04/2022 775.00 19/04/2021 Book - Borrowing